000 01080nam a2200253Ia 4500
999 _c43754
_d43754
001 10499
003 GE_BSU
005 20260427125435.0
008 181216s2009||||ge |||||||||||||| ||geo||
020 _a9789941015090
040 _cGE_BSU
041 _ageo
080 _a81'27+811.353.1 ო-46
100 _aომიაძე, სალომე
_912195
245 _aქართული დისკურსის კულტუროლოგიური პარადიგმა /
_cსალომე ომიაძე; [რედ. გუჩა კვარაცხელია].
264 _aთბილისი,
_c2009.
300 _a207 გვ.;
_b21 სმ.
504 _aბიბლიოგრ.: გვ. 197-206.
541 _h14ლ.
653 _aენა და კულტურა
653 _aქართული ენის ლინგვოკულტუროლოგიური გამოკვლევა
700 _aკვარაცხელია, გუჩა
_eრედაქტორი
_927380
942 _cBK
_2udc